[Event "AUT-ch U12 Girls"]
[Site "St Veit"]
[Date "2022.04.11"]
[Round "3"]
[White "Visneider, Laura"]
[Black "Aboulenein Djamshidian, Kimia"]
[Result "0-1"]
[WhiteElo "1044"]
[BlackElo "975"]
[PlyCount "114"]
[EventDate "2022.04.10"]
[EventType "swiss"]
[EventRounds "4"]
[EventCountry "AUT"]
[SourceTitle "EXT 2023"]
[Source "ChessBase"]
[SourceDate "2022.10.05"]
[SourceVersion "1"]
[SourceVersionDate "2022.10.05"]
[SourceQuality "1"]

1. e4 e5 2. Nf3 Nc6 3. Bc4 Nf6 4. d3 d5 5. exd5 Nxd5 6. 0-0 Bc5 7. Re1 f6 8. Nbd2 0-0 9. Ne4 Bb6 10. Nc3 Be6 11. Bd2 Re8 12. Nxd5 Bxd5 13. Bb5 Bxf3 14. Bc4+ Bd5 15. Bb3 Bxb3 16. axb3 Qd4 17. Be3 Qxb2 18. Bxb6 axb6 19. Qc1 Ra2 20. Qxb2 Rxb2 21. Rec1 Nd4 22. Rab1 Ne2+ 23. Kf1 Rxb1 24. Rxb1 Nc3 25. Ra1 e4 26. dxe4 Nxe4 27. f3 Nc5 28. Ra7 Rb8 29. Ke2 Kf7 30. Ke3 Re8+ 31. Kd2 Rb8 32. Kc3 Ke6 33. b4 Nd7 34. Kc4 Kd6 35. g4 c6 36. b5 Ne5+ 37. Kb4 c5+ 38. Ka4 Nxf3 39. Kb3 Nxh2 40. Kc3 Nxg4 41. Kd3 Kc7 42. Ke4 Rd8 43. Kf5 Ne3+ 44. Ke6 h5 45. Ra1 Rd6+ 46. Kf7 g5 47. Rh1 h4 48. Rg1 h3 49. Rh1 g4 50. Rg1 h2 51. Rh1 g3 52. c3 g2 53. Rxh2 g1Q 54. Rh7 Rd7+ 55. Ke8 Rxh7 56. Kf8 Qg7+ 57. Ke8 Qe7# 0-1

[Event "AUT-ch U12 Girls"]
[Site "St Veit"]
[Date "2021.10.27"]
[Round "5.4"]
[White "Visneider, Laura"]
[Black "Giselbrecht, Leefke"]
[Result "0-1"]
[WhiteElo "1110"]
[BlackElo "1192"]
[PlyCount "98"]
[EventDate "2021.10.25"]
[EventType "swiss"]
[EventRounds "7"]
[EventCountry "AUT"]
[SourceTitle "EXT 2023"]
[Source "ChessBase"]
[SourceDate "2022.10.05"]
[SourceVersion "1"]
[SourceVersionDate "2022.10.05"]
[SourceQuality "1"]

1. Nf3 d5 2. d4 Nf6 3. Bf4 g6 4. e3 Bg7 5. c4 c6 6. Nc3 0-0 7. Be2 e6 8. 0-0 Nbd7 9. Ne5 Nxe5 10. Bxe5 dxc4 11. Bxc4 b5 12. Bd3 Bb7 13. Rc1 Rc8 14. a4 b4 15. Na2 a5 16. Qe2 c5 17. Bc4 Qb6 18. dxc5 Qxc5 19. Bd4 Qc6 20. f3 Qd6 21. Rfd1 Bd5 22. Bxd5 Qxd5 23. Bxf6 Qxa2 24. Bxg7 Kxg7 25. Ra1 Qc4 26. Qxc4 Rxc4 27. b3 Rc3 28. Rab1 Rxe3 29. Rd6 Ra8 30. Kf2 Re5 31. f4 Rd5 32. Rxd5 exd5 33. Rd1 Rd8 34. Ke3 Kf6 35. g3 Ke6 36. Kd4 Kd6 37. Rc1 Re8 38. Rc5 Re4+ 39. Kd3 Kxc5 40. h4 Re1 41. g4 Rg1 42. g5 Rg3+ 43. Kc2 Rc3+ 44. Kb2 d4 45. Ka2 d3 46. Kb2 d2 47. Ka2 d1Q 48. Kb2 Qc1+ 49. Ka2 Rc2# 0-1

[Event "AUT-chT District U18 Online Rapid"]
[Site "Playchess.com INT"]
[Date "2020.12.12"]
[Round "6"]
[White "Geworgyan, Derenick"]
[Black "Visneider, Laura"]
[Result "0-1"]
[WhiteElo "1479"]
[BlackElo "1490"]
[PlyCount "60"]
[EventDate "2020.12.12"]
[EventType "team-swiss (rapid)"]
[EventRounds "9"]
[EventCountry "AUT"]
[SourceTitle "EXT 2022"]
[Source "ChessBase"]
[SourceDate "2021.10.06"]
[SourceVersion "1"]
[SourceVersionDate "2021.10.06"]
[SourceQuality "1"]

1. e4 e5 2. Nf3 Nc6 3. Bc4 Nf6 4. c3 Nxe4 5. d4 exd4 6. cxd4 Nf6 7. Bg5 Bb4+ 8. Nc3 0-0 9. 0-0 d6 10. Qd3 Bg4 11. Nh4 g6 12. Nxg6 hxg6 13. Qxg6+ Kh8 14. Bxf6+ Qxf6 15. Qxf6+ Kg8 16. Qg5+ Kh7 17. Qh4+ Kg8 18. Qxg4+ Kh7 19. Bd3+ Kh8 20. Qh5+ Kg7 21. Qg6+ fxg6 22. Bxg6 Kxg6 23. Rad1 Rae8 24. Nd5 Ba5 25. Nxc7 Bxc7 26. Rfe1 Nxd4 27. Rxe8 Rxe8 28. h3 Nc2 29. Rc1 d5 30. Rxc2 Re1# 0-1

[Event "AUT-ch U10 Girls"]
[Site "St Kanzian"]
[Date "2019.06.22"]
[Round "4"]
[White "Visneider, Laura"]
[Black "Wiedner, Leticia"]
[Result "0-1"]
[WhiteElo "800"]
[BlackElo "911"]
[PlyCount "80"]
[EventDate "2019.06.21"]
[EventType "swiss"]
[EventRounds "7"]
[EventCountry "AUT"]
[SourceTitle "CBM 191 Extra"]
[Source "ChessBase"]
[SourceDate "2019.09.30"]
[SourceVersion "1"]
[SourceVersionDate "2019.09.30"]
[SourceQuality "1"]

1. e4 e5 2. Bc4 Nc6 3. Nf3 Bc5 4. 0-0 d6 5. d3 Nf6 6. Nc3 Bg4 7. Bg5 Qd7 8. Bb5 0-0-0 9. Bxf6 gxf6 10. h3 Bh5 11. Nd5 f5 12. Nf6 Bxf3 13. Qxf3 Qe7 14. Qxf5+ Kb8 15. Bxc6 bxc6 16. a3 h5 17. Nxh5 Rh6 18. Rab1 Rg8 19. b4 Bb6 20. b5 c5 21. Nf6 Rxf6 22. Qh7 Rfg6 23. Rb2 Qg5 24. g3 R6g7 25. Qf5 Qxf5 26. exf5 Rh7 27. Kh2 Rgh8 28. h4 Rh5 29. Rfb1 Rxf5 30. Kg2 c4 31. dxc4 Rxf2+ 32. Kh3 f5 33. c3 Rxb2 34. Rxb2 Bc5 35. a4 Rg8 36. h5 f4 37. gxf4 exf4 38. Rb1 Rg3+ 39. Kh4 d5 40. cxd5 Be7# 0-1